000 00379nam a2200157Ia 4500
008 210210b1961 xxu||||| |||| 00| 0 eng d
041 _aeng
082 _a333/74
100 _aSANTHANAM (K)
245 _aDemocratic planning
260 _aBombay
_bAsia Publishing House
_c1961
650 _aplanning
650 _aDemocratic
690 _aEconomic Planning
906 _a004246
999 _c123696
_d123696